| 000 | 00502nam a22001697a 4500 | ||
|---|---|---|---|
| 003 | BD-DhUL | ||
| 005 | 20190710104104.0 | ||
| 008 | 190710s1925 ii ||||| |||| 00| 0 urd d | ||
| 040 |
_aBD-DhUL _cBD-DhUL |
||
| 082 |
_a891.431 _bILM |
||
| 100 | 0 | _aالیاس برنی | |
| 245 | 1 | 0 |
_aمناظر قدرت : _cالیاس برنی _bجلد ۱ / |
| 260 |
_aاعظم گڑھ : _bمطبع انسٹی ٹوٹ، _c۱۹۲۵۔ |
||
| 300 |
_aجلد ۱ ؛ _c۱۸ سم۔ |
||
| 650 | 4 | _aUrdu poetry | |
| 942 |
_2ddc _cBK |
||
| 999 |
_c248696 _d248696 |
||